000 01117nam a2200301 4500
001 0000021058
003 CO-CtgCURN
005 20250828213537.0
008 160627s2001 000 0 eng d
020 _a9586902846
040 _aCO-CtgCURN
_bspa
_ccoctgcurn
082 0 _a345.06
_bU71i
100 1 _aUrazan Bautista, Juan Carlos.
245 1 3 _aLa indagatoria en el nuevo Código de procedimiento penal /
_cJuan Carlos Urazan Bautista.
250 _a3a. ed.
260 _aBogotá :
_bLeyer,
_c2001.
300 _a96 p.--Derecho.
336 _2rdacontent
337 _2rdamedia
_asin mediacion
_bn
338 _2rdacarrier
_avolumen
_bnc
504 _aBibliografia (p. 89-96)
505 8 _aDiligencia de indagatoria.--Solicitud de la propia indagatoria.--Reglas para la recepcion de indagatoria. formalidades de la indagatoria.--Ampliacion de la indagatoria
650 0 _aEvidencia (Derecho)
908 _a160627
942 _cBK
_h345.06
_iU71i
_2ddc
999 _c49991
_d49991
_x2